Ética na administração pública : (Record no. 377)

MARC details
000 -LÍDER
Campo Fixo de Controle 00867nam a2200289 a 4500
001 - NÚMERO DE CONTROLE
Campo de Controle 377
003 - IDENTIFICAÇÃO DO NÚMERO DE CONTROLE
Campo de Controle BR-CuiBMT
005 - DATA E HORA DA ÚLTIMA ATUALIZAÇÃO
Campo de Controle 20231129135438.0
008 - DADOS FIXOS
Dados Fixos 231102s2004 rjba 000 0 por d
020 ## - INTERNATIONAL STANDARD BOOK NUMBER
Nº do ISBN 8576260840
040 ## - AGÊNCIA CATALOGADORA
Código da Agência Catalogadora BR-CuiBMT
Agência que transcreveu o registro BR-CuiBMT
080 ## - Nº DA CLASSIFICAÇÃO DECIMAL UNIVERSAL
Nº edição CDU 2007
Nº Class. CDU 35:17
090 ## - NÚMERO DE CHAMADA
Nº classificação 35:17
Cutter T157é
Ano/Edição 2. ed.
100 1# - ENTRADA PRINCIPAL -- AUTOR PESSOAL
Nome pessoal Támez, Carlos André Silva
245 10 - TÍTULO PRINCIPAL
Título principal Ética na administração pública :
Subtítulo teoria e prática /
Indicação de responsabilidade Carlos André Silva Támez, Leandro Cadenas Prado.
250 ## - EDIÇÃO
Edição 2. ed.
260 ## - PUBLICAÇÃO, DISTRIBUIÇÃO, ETC.
Local de publicação Niterói - RJ :
Editora Impetus,
Data 2004.
300 ## - DESCRIÇÃO FÍSICA
N. páginas ou volumes 481 p. ;
Dimensões 24 cm
490 1# - INDICAÇÃO DE SÉRIE
Título da série Série provas e concursos ;
504 ## - NOTA DE BIBLIOGRAFIA, ETC.
Nota de bibliografia Inclui bibliografia.
650 ## - ASSUNTO TÓPICO
Cabeçalho tópico ou nome geográfico Direito Administrativo
Subdivisão geográfica Brasil
650 ## - ASSUNTO TÓPICO
Cabeçalho tópico ou nome geográfico Serviço público
Subdivisão geográfica Brasil
650 ## - ASSUNTO TÓPICO
Cabeçalho tópico ou nome geográfico Ética
700 1# - ENTRADA SECUNDÁRIA -- NOME PESSOAL
Nome pessoal Prado, Leandro Cadenas
830 #0 - ENTRADA SECUNDÁRIA DE SÉRIE -- TÍTULO UNIFORME
Título uniforme Provas e concursos
942 ## - ELEMENTOS DE ENTRADA ADICIONAIS (KOHA)
Fonte de classificação ou esquema de arquivamento Classificação Decimal Universal
Tipo de item do Koha Livros
Holdings
Estado: removido Estado: perdido Fonte de classificação ou esquema de arquivamento Estado: danificado Indisponível para empréstimo Localização permanente Localização atual Data de aquisição Total Checkouts Número de Chamada completo Código de barras Date last seen Número do exemplar Preço efetivo a partir de Tipo de item (Koha)
    Classificação Decimal Universal     Biblioteca da Escola Superior de Contas do TCE/MT Biblioteca da Escola Superior de Contas do TCE/MT 02/04/2013   35:17 T157e 2. ed. BIBTCEMT23110075 02/11/2023 Ex. 1 02/11/2023 Livros

Powered by Koha